The essential gardener / (Record no. 597)
[ view plain ]
| 000 -LEADER | |
|---|---|
| fixed length control field | 00515cam a2200169Ka 4500 |
| 003 - CONTROL NUMBER IDENTIFIER | |
| control field | BD-DhBUF |
| 005 - DATE AND TIME OF LATEST TRANSACTION | |
| control field | 20190206105633.0 |
| 008 - FIXED-LENGTH DATA ELEMENTS--GENERAL INFORMATION | |
| fixed length control field | 920907s1991 enk 00 eng d |
| 020 ## - INTERNATIONAL STANDARD BOOK NUMBER | |
| International Standard Book Number | 0283060778 |
| 040 ## - CATALOGING SOURCE | |
| Original cataloging agency | NLS |
| Transcribing agency | BD-DhBUF |
| 100 1# - MAIN ENTRY--PERSONAL NAME | |
| Personal name | Buczacki, Stefan, |
| Dates associated with a name | 1945- |
| 9 (RLIN) | 822 |
| 245 14 - TITLE STATEMENT | |
| Title | The essential gardener / |
| Statement of responsibility, etc. | Stefan Buczacki ; with photographs by Andrew Lawson. |
| 260 ## - PUBLICATION, DISTRIBUTION, ETC. | |
| Place of publication, distribution, etc. | London : |
| Name of publisher, distributor, etc. | Sidgwick & Jackson, |
| Date of publication, distribution, etc. | c1991. |
| 300 ## - PHYSICAL DESCRIPTION | |
| Extent | 256 p. ; |
| Other physical details | ill. ; |
| Dimensions | 30 cm. |
| 700 10 - ADDED ENTRY--PERSONAL NAME | |
| Personal name | Lawson, Andrew, |
| Dates associated with a name | 1945- |
| 9 (RLIN) | 823 |
| 942 ## - ADDED ENTRY ELEMENTS (KOHA) | |
| Source of classification or shelving scheme | Dewey Decimal Classification |
| Koha item type | Books |
| Withdrawn status | Lost status | Source of classification or shelving scheme | Damaged status | Not for loan | Collection code | Home library | Current library | Shelving location | Date acquired | Total Checkouts | Barcode | Date last seen | Copy number | Price effective from | Koha item type |
|---|---|---|---|---|---|---|---|---|---|---|---|---|---|---|---|
| Dewey Decimal Classification | Non-fiction | BUFT Library | BUFT Library | General Stacks | 06/25/2001 | 2001-0282 | 02/06/2019 | C-1 | 02/06/2019 | Books |
